000 01735nam0a2200313 i 4500
001 RU\NLR\bibl\2038109
005 20260503061337.0
010 _a9785945151161
021 _aRU
_b2013-34050
_92331
035 _a(NLR Aleph) 002025454
090 _a4524905
_c4524905
100 _a20130530d2012 um y0rusy50 ca
101 1 _arus
_cund
102 _aRU
105 _aa||||||||||||
200 1 _aЭкспертный консенсусный документ HRS/EHRA/ECAS по катетерной и хирургической абляции фибрилляции предсердий
_eрекомендации по отбору и периоперационному ведению пациентов
_eрекомендации по технике выполнения процедуры
_eтерминология, конечные точки и дизайн клинических испытаний
_f[авт. ориг.: H. Calkins и др.
_gавт. пер.: Шевченко Ю.Л. и др.]
210 _a[Б.м.
_cб.и.]
_d2012
215 _a200 с.
_cцв. ил.
_d21
320 _aБиблиогр.: с. 145-200 (736 назв.)
606 1 _aФибрилляция предсердий
_xХирургическая абляция
_92185587
_3RU\NLR\AUTH\6601550305
606 _aФибрилляция предсердий
_xХирургическое лечение
_xПрименение катетерной абляции
_92185585
_3RU\NLR\AUTH\6601550304
686 1 _aР457.365.010.9-59
702 1 _4220
_aКалкинс
_bХ.
_gХью
_9133981
_3RU\NLR\AUTH\770134015
801 0 _aRU
_bNLR
_c20130530
_gRCR
801 1 _aRU
_bNLR
_c20130530
942 _cBOOK
980 _aNBR